Rubber krishi- Munnorukkangal shradhayode (Malayalam) (Record no. 67757)

MARC details
000 -LEADER
fixed length control field 00357nam a2200133Ia 4500
100 ## - MAIN ENTRY--AUTHOR NAME
Personal name George Sheeba
245 #0 - TITLE STATEMENT
Title Rubber krishi- Munnorukkangal shradhayode (Malayalam)
260 ## - PUBLICATION, DISTRIBUTION, ETC. (IMPRINT)
Name of publisher Rubber (Malayalam)
Year of publication 2013
300 ## - PHYSICAL DESCRIPTION
Number of Pages 12-Nov
500 ## - GENERAL NOTE
General note Source Year: 2013
650 ## - SUBJECT ADDED ENTRY--TOPICAL TERM
Topical Term Rubber planting
942 ## - ADDED ENTRY ELEMENTS (KOHA)
Koha item type Journals
Holdings
Withdrawn status Lost status Damaged status Not for loan Home library Current library Shelving location Date acquired Serial Enumeration / chronology Koha item type
      Journals RRII Library RRII Library Rubber planting 23/05/2013 Volume 565, Issue April Journals